000 00389cam a22001337a 4500
008 180718b1957 xxu||||| |||| 00| 0 eng d
082 _aK93133 Sa73
100 _aSargant, William
245 _aBattle for the mind: a physiology of conversation and brain - washing
_cby William Sargant
260 _aLondon
_bHeinemann
_c1957
300 _a248p.
500 _a25/-
650 _aBrian Washing
999 _c374800
_d374800